| 000 | 00547nam a2200193Ia 4500 | ||
|---|---|---|---|
| 008 | 151121s9999||||xx |||||||||||||| ||und|| | ||
| 082 | _a818/संत | ||
| 082 | _bHNW-41806 | ||
| 100 | _aसंत वि। द। | ||
| 245 | _aगुलमोहर | ||
| 260 | _b"प्रणव प्रकाशन, मुंबई।" | ||
| 260 | _c-- | ||
| 300 | _a101 | ||
| 600 | _aसंत वि। द। | ||
| 630 | _aगुलमोहर | ||
| 700 | _aसंत वि। द। | ||
| 730 | _aगुलमोहर | ||
| 942 | _cBOOK | ||
| 999 |
_c1230643 _d1230640 |
||